| 000 | 00959cab a2200217 4500 | ||
|---|---|---|---|
| 001 | WB2816-28 | ||
| 008 | 090401t1992 xxu||||| |||| 00| 0 eng d | ||
| 035 | _a(Sirsi) u40 | ||
| 041 | _aeng | ||
| 245 | _aSale and leaseback | ||
| 260 | _c1992 | ||
| 350 | _a0 | ||
| 490 |
_aEstates Gazette Case Summaries _v1992 EGCS 49 (11/4/92) |
||
| 520 | _a"SB Property Co Ltd v Chelsea Football & Athletic Co Ltd" CA 2 April 1992. At the end of a sale and leaseback agreement, C gave notice to exercise its right to purchase the freehold despite SB`s grant of the premises to a third party for development shortly beforehand, and after the subsequent delay in arriving at an agreement, C sued without success for damages to cover the loss of value incurred during intervening period. | ||
| 650 | _aMARKET VALUES | ||
| 650 | _aOPTION TO PURCHASE | ||
| 650 | _aURGENCY | ||
| 690 | _aLANDLORD AND TENANT-CASE LAW-BUSINESS TENANCIES | ||
| 942 | _n0 | ||
| 948 | _c04/03/1997 | ||
| 999 |
_c16 _d16 |
||